| 000 | 00573nam a2200229Ia 4500 | ||
|---|---|---|---|
| 001 | Z_5417 | ||
| 003 | CHAP | ||
| 008 | 220113s1992 xx 000 0 und d | ||
| 010 | _a168488 | ||
| 040 | _cCHAP | ||
| 090 | _aFolleto 719 | ||
| 100 |
_aCampos Hernández, Rosario _918109 |
||
| 245 |
_aAspectos sobre nutrición del conejo / _cMa. del Rosario Campos Hernández |
||
| 260 |
_aChapingo, Méx., UACH. Departamento de Zootecnia _c1992 |
||
| 300 | _a18 h. | ||
| 901 | _aFOLLETO 719 | ||
| 902 | _aA | ||
| 910 | _a1992 | ||
| 942 | _c1 | ||
| 942 | _cc1 | ||
| 999 |
_c168488 _d168488 |
||